| 000 | 01731cam a22004934i 4500 | ||
|---|---|---|---|
| 003 | PE-LiUPU | ||
| 005 | 20250731180112.0 | ||
| 008 | 150623s1996 pe a rb 000 0 d | ||
| 035 | _a(Sirsi) a24022 | ||
| 040 |
_aPE-LiUPU _bspa _cPE-LiUPU _erda |
||
| 082 | 0 | 4 |
_a539 _bM77 _221 |
| 100 | 1 |
_aMontoya Zavaleta, Modesto, _eautor. |
|
| 245 | 1 | 0 |
_aFísica nuclear / _cModesto Montoya Zavaleta. |
| 264 | 1 |
_aLima, Perú : _bCONCYTEC, _c1996. |
|
| 300 |
_a137 páginas : _bilustraciones, gráficos ; _c20 cm. |
||
| 336 |
_atext _2rdacontent |
||
| 337 |
_aunmediated _2rdamedia |
||
| 338 |
_avolume _2rdacarrier |
||
| 490 | 0 | _aSerie Ciencias | |
| 504 | _aBibliografía al pié de algunas páginas. | ||
| 505 | 0 | _atre nucleones. -Modelos nucleares. -Radiactividad. -Decaimiento alfa. -Decaimiento beta. -Decaimiento gagma. -Física neutrónica. -Fisión nuclear. -Uso de un reactor de investigación. -Aplicaciones nucleares. | |
| 526 | _aSEG44 | ||
| 526 | _aSEG26 | ||
| 526 | _aP159 | ||
| 526 | _aP155 | ||
| 526 | _aP154 | ||
| 526 | _aP153 | ||
| 526 | _aP150 | ||
| 526 | _aP100 | ||
| 526 | _aP31 | ||
| 526 | _aP30 | ||
| 526 | _aP26 | ||
| 526 | _aP25 | ||
| 526 | _aP24 | ||
| 526 | _aP22 | ||
| 526 | _aP15 | ||
| 526 | _aP10 | ||
| 650 | 0 | 4 | _aFisica nuclear. |
| 942 |
_2ddc _cBOOK |
||
| 949 |
_a539 M77 _wDEWEY _c1 _i48275 _lCCODEBUL1 _mBUL _p00.00 _r0 _sY _tBOOK _u2015-06-24 _xINGENIERIA _zUNKNOWN _0COMPRA _o.STAFF. Colección Ingeniería y Arquitectura |
||
| 596 | _a1 | ||
| 999 |
_a539 M77 _wDEWEY _c25884 _i48275 _f2021-11-5 _g7 _lCCODEBUL1 _mBUL _p20.00 _r0 _sN _tBOOK _u2015-6-24 _xBIBLIOTECA _zUNKNOWN _0COMPRA _o.STAFF. Colección Ingeniería y Arquitectura _d25884 |
||
| 980 |
_81 _gALBERTO SANCHEZ Responsable de Automatización |
||